La era del recelo (Record no. 139277)
[ view plain ]
| 000 -LEADER | |
|---|---|
| campo de control de longitud fija | 00608nam a2200181 4500 |
| 001 - NÚMERO DE CONTROL | |
| campo de control | 139277 |
| 003 - IDENTIFICADOR DE NÚMERO DE CONTROL | |
| campo de control | ES-MaACL |
| 005 - FECHA Y HORA DE LA ÚLTIMA TRANSACCIÓN | |
| campo de control | 20250321174957.0 |
| 007 - CAMPO FIJO DE DESCRIPCIÓN FÍSICA--INFORMACIÓN GENERAL | |
| campo de control de longitud fija | t| |
| 008 - DATOS DE LONGITUD FIJA--INFORMACIÓN GENERAL | |
| campo de control de longitud fija | 070214s1967 sp r ||||1| spa d |
| 100 1# - ENTRADA PRINCIPAL--NOMBRE DE PERSONA | |
| Nombre de persona | Sarraute, Nathalie. |
| 9 (RLIN) | 103853 |
| 245 13 - MENCIÓN DEL TÍTULO | |
| Título | La era del recelo |
| Resto del título | : ensayos sobre la novela / |
| Mención de responsabilidad, etc. | Nathalie Sarraute ; traducción al español de Gonzalo Torrente Ballester. |
| 260 ## - PUBLICACIÓN, DISTRIBUCIÓN, ETC. | |
| Lugar de publicación, distribución, etc. | Madrid : |
| Nombre del editor, distribuidor, etc. | Guadarrama, |
| Fecha de publicación, distribución, etc. | 1967. |
| 300 ## - DESCRIPCIÓN FÍSICA | |
| Extensión | 119 p. ; |
| Dimensiones | 18 cm. |
| 700 1# - ENTRADA AGREGADA--NOMBRE PERSONAL | |
| Nombre de persona | Torrente Ballester, Gonzalo, |
| Fechas asociadas al nombre | 1910-1999 |
| 9 (RLIN) | 110850 |
| 852 ## - LOCALIZACIÓN | |
| Ubicación | ES-MaACL |
| Número de control de estantería | C-33882 |
| Sublocalización o colección | R.64576 |
| Estatus retirado | Estado de pérdida | Estado de daño | No para préstamo | Biblioteca de origen | Biblioteca actual | Ubicación en estantería | Fecha de adquisición | Fuente de adquisición | Total de préstamos | Signatura topográfica completa | Código de barras | Visto por última vez | Precio de reemplazo | Tipo de ítem Koha |
|---|---|---|---|---|---|---|---|---|---|---|---|---|---|---|
| Biblioteca del Ateneo de Madrid | Biblioteca del Ateneo de Madrid | Depósito 2 | 17/01/2008 | C-33882 | 1144941 | 23/02/2023 | 23/02/2023 | Libro impreso |
